Good farming, better environment (Record no. 106278)
[ view plain ]
| 000 -LEADER | |
|---|---|
| fixed length control field | 01374cam a2200205 4500 |
| 001 - CONTROL NUMBER | |
| control field | L135997 |
| 008 - FIXED-LENGTH DATA ELEMENTS--GENERAL INFORMATION | |
| fixed length control field | 070102n2006 000 0 eng u |
| 035 ## - SYSTEM CONTROL NUMBER | |
| System control number | (Sirsi) u135997 |
| 041 0# - LANGUAGE CODE | |
| Language code of text/sound track or separate title | eng |
| 110 1# - MAIN ENTRY--CORPORATE NAME | |
| Corporate name or jurisdiction name as entry element | England and Wales |
| Subordinate unit | Environment Agency |
| 9 (RLIN) | 2469 |
| 245 00 - TITLE STATEMENT | |
| Title | Good farming, better environment |
| Remainder of title | the state of the farmed environment in England and Wales |
| 260 ## - PUBLICATION, DISTRIBUTION, ETC. | |
| Place of publication, distribution, etc. | Environment Agency |
| Date of publication, distribution, etc. | 2006 |
| 505 ## - FORMATTED CONTENTS NOTE | |
| Formatted contents note | Water -- Air -- Land -- Flooding -- Climate change -- Waste -- Wildlife and habitats -- And overall? |
| 520 ## - SUMMARY, ETC. | |
| Summary, etc. | Provides information about what is going on in the farmed environment, and outlines what we need to do to make further improvements. The report shows that there are some real success stories in the farmed environment, and good signs in the recovery of some species of farmland wildlife and the amount of greenhouse gases released by farming has been decreasing. While progress has been made there are many other issues where more needs to be done. These include diffuse water pollution, the decline of some farmland wildlife, managing the impacts of climate change and flood risk. |
| 590 ## - LOCAL NOTE (RLIN) | |
| Local note | KA |
| 651 #4 - SUBJECT ADDED ENTRY--GEOGRAPHIC NAME | |
| Geographic name | England and Wales |
| Chronological subdivision | 1543- |
| 690 ## - LOCAL SUBJECT ADDED ENTRY--TOPICAL TERM (OCLC, RLIN) | |
| Topical term or geographic name as entry element | Environment |
| 9 (RLIN) | 6238 |
| 856 40 - ELECTRONIC LOCATION AND ACCESS | |
| Uniform Resource Identifier | <a href="https://publications.environment-agency.gov.uk/PDF/GEHO0406BKEP-E-E.pdf">https://publications.environment-agency.gov.uk/PDF/GEHO0406BKEP-E-E.pdf</a> |
| Public note | View the report free of charge at www.environment-agency.gov.uk... |
| 942 ## - ADDED ENTRY ELEMENTS (KOHA) | |
| Suppress in OPAC | 0 |
| Withdrawn status | Lost status | Source of classification or shelving scheme | Damaged status | Not for loan | Home library | Current library | Shelving location | Date acquired | Total Checkouts | Full call number | Barcode | Date last seen | Copy number | Price effective from | Koha item type |
|---|---|---|---|---|---|---|---|---|---|---|---|---|---|---|---|
| Dewey Decimal Classification | Virtual | Virtual | Online | 02/01/2007 | ONLINE PUBLICATION | 135997-1001 | 06/08/2019 | 1 | 06/08/2019 | Book |